Central Library OPAC University of Rajshahi
Normal view MARC view

Entry Personal Name

Number of records used in: 2

001 - CONTROL NUMBER

  • control field: 15927

003 - CONTROL NUMBER IDENTIFIER

  • control field: BD-RjUL

005 - DATE AND TIME OF LATEST TRANSACTION

  • control field: 20250708143209.0

008 - FIXED-LENGTH DATA ELEMENTS

  • fixed length control field: 250708|| aca||aabn | a|a d

040 ## - CATALOGING SOURCE

  • Original cataloging agency: BD-RjUL
  • Transcribing agency: BD-RjUL

100 ## - HEADING--PERSONAL NAME

  • Personal name: Muḥammad, Sayyid ;; محمّد، سيّد

670 ## - SOURCE DATA FOUND

  • Source citation: Work cat.: (BD-RjUL)85144: Muḥammad, Sayyid ;; محمّد، سيّد, ارباب نثر اردو : يعنى فورٹ وليم کالج کے اردو نثر نويسوں کا تحقيقى و تنقيدى تذکره / Arbāb-i nas̲r-i Urdū : yaʻnī Forṭ Viliyam Kālij ke Urdū nas̲r navīson̲ kā taḥqīqī va tanqīdī taz̲kirah /, 1950